Città dell'Europeo Belgio-Paesi Bassi 2000 - Statistics

Statistiche generali
  • Questo quiz è stato fatto 21 volte
  • Il punteggio medio è 5 su 8
Statistiche sulle risposte
con Immagini Risposta % Corretto
Amsterdam
94%
Bruxelles
94%
Rotterdam
89%
Eindhoven
72%
Liegi
67%
Bruges
61%
Charleroi
28%
Arnhem
17%
Nessun quiz corrispondente trovato
Distribuzione punteggi
Percentuale di utenti per punteggio
Percentile per numero di risposta
I tuoi punteggi nel tempo
Non hai fatto questo quiz